书目信息 |
| 题名: |
苏轼中楷
|
|
| 作者: | 徐中敏 , 徐中敏 选编 | |
| 分册: | ||
| 出版信息: | 长沙 湖南美术出版社 1996 |
|
| 页数: | 83页 | |
| 开本: | 26cm | |
| 丛书名: | 李苦禅藏帖选粹 | |
| 单 册: | ||
| 中图分类: | J292.25 | |
| 科图分类: | ||
| 主题词: | 法书--楷书--中国--北宋--选集 , 楷书--法书--中国--北宋--选集 | |
| 电子资源: | ||
| ISBN: | 7-5356-0819-1 | |
| 000 | 01106nam0 2200349 450 | |
| 000 | 01071nam0 2200337 450 | |
| 000 | 01034nam0 2200325 450 | |
| 000 | 00941nam0 2200313 450 | |
| 000 | 00904nam0 2200301 450 | |
| 000 | 00837oam2 2200277 450 | |
| 001 | 0104000024 | |
| 005 | 20061023094156.63 | |
| 010 | @a7-5356-0819-1@dCNY17.80 | |
| 100 | @a20051124e1996 em y0chiy0110 ea | |
| 101 | 0 | @achi |
| 102 | @aCN@b430000 | |
| 105 | @ay zn 000yy | |
| 200 | 1 | @a苏轼中楷@Asu shi zhong kai@e司马温公神道碑@f徐中敏选编@Fxu zhong min xuan bian |
| 210 | @a长沙@c湖南美术出版社@d1996 | |
| 215 | @a83页@d26cm | |
| 225 | 2 | @a李苦禅藏帖选粹 |
| 461 | 0 | @12001 @a李苦禅藏帖选粹 |
| 517 | 1 | @a司马温公神道碑@9si ma wen gong shen dao bei |
| 606 | 0 | @a法书@x楷书@y中国@z北宋@x选集 |
| 606 | 0 | @a楷书@x法书@y中国@z北宋@x选集 |
| 690 | @aJ292.25@v4 | |
| 701 | 0 | @a徐中敏@9xu zhong min@4选编 |
| 701 | 0 | @a徐中敏@Axu zhong min@4选编 |
| 801 | 0 | @aCN@b北京荣雅伟业图书经销中心@c20061023 |
| 905 | @aBZT@dJ292.25@e1 | |
| 906 | @dCNY17.80@n0@r1 | |
| 苏轼中楷:司马温公神道碑/徐中敏选编.-长沙:湖南美术出版社,1996 |
| 83页;26cm.-(李苦禅藏帖选粹) |
| ISBN 7-5356-0819-1:CNY17.80 |
| ● |
| 相关链接 |
|
|
|
正题名:苏轼中楷
索取号:J292.25/1
 
预约/预借
| 序号 | 登录号 | 条形码 | 馆藏地/架位号 | 状态 | 备注 |
| 1 | 506716 | 230068983 | 中心书库中库/ 中库020架A面1列6层26/ [索取号:J292.25/1] | 在馆 | |
| 2 | 506717 | 230068984 | 中心书库中库/ 中库018架A面6列5层36/ [索取号:J292.25/1] | 在馆 | |
| 3 | 506718 | 230068985 | 中心书库中库/ 中库018架A面4列2层43/ [索取号:J292.25/1] | 在馆 | |
| 4 | 506719 | 230068986 | 中心书库中库/ 中库018架B面3列2层13/ [索取号:J292.25/1] | 在馆 | |
| 5 | 506720 | 230068987 | 中心书库中库/ 中库018架B面3列2层14/ [索取号:J292.25/1] | 在馆 |